Commerce électronique et fiscalité mise en oeuvre des conditions cadres d'Ottawa sur la fiscalité

Salvato in:
Dettagli Bibliografici
Natura: Libro
Lingua:francese
Pubblicazione: Paris OCDE 2001
Serie:Fiscalité
Soggetti:
Tags: Aggiungi Tag
Nessun Tag, puoi essere il primo ad aggiungerne!!

MARC

LEADER 00000nam a2200000 4500
001 c130653
005 20221221091438.5
020 |a 92-64-28595-4 
041 0 |a fre 
044 |a FR 
245 1 0 |a Commerce électronique et fiscalité  |b mise en oeuvre des conditions cadres d'Ottawa sur la fiscalité 
264 1 |a Paris  |b OCDE  |c 2001 
300 |a 268 s. 
490 1 |a Fiscalité 
830 0 |a Fiscalité 
610 2 0 |a systémy daňové 
610 2 0 |a zdaňovanie 
610 2 0 |a obchod elektronický 
610 2 0 |a konferencie 
610 2 0 |a OECD 
610 2 0 |a dane 
610 2 0 |a GTC